Bases de datos en humanidades y ciencias sociales (Record no. 47609)

MARC details
000 -LEADER
campo de control de longitud fija 01026nam a2200241 i 4500
001 - NÚMERO DE CONTROL
campo de control 47609
003 - IDENTIFICADOR DE NÚMERO DE CONTROL
campo de control ES-MaACL
005 - FECHA Y HORA DE LA ÚLTIMA TRANSACCIÓN
campo de control 20250814235031.0
007 - CAMPO FIJO DE DESCRIPCIÓN FÍSICA--INFORMACIÓN GENERAL
campo de control de longitud fija t|
008 - DATOS DE LONGITUD FIJA--INFORMACIÓN GENERAL
campo de control de longitud fija 030507s1980 sp |||| | spa d
020 ## - NÚMERO INTERNACIONAL ESTÁNDAR DEL LIBRO
Número Internacional Estándar del Libro 84-85632-08-7
080 ## - NÚMERO DE LA CLASIFICACIÓN DECIMAL UNIVERSAL
Número de la Clasificación Decimal Universal 3:681.31.07(063)
111 2# - ENTRADA PRINCIPAL--NOMBRE DE CONGRESO/REUNIÓN
Nombre de congreso/reunión o jurisdicción como elemento de entrada Conferencia Internacional sobre Bases de Datos en Humanidades y Ciencias Sociales
Número del congreso/reunión o número de parte o sección (2ª.
Fecha del congreso o de la firma del tratado 1980.
Sede del congreso/Lugar de la reunión Madrid)
9 (RLIN) 165793
245 10 - MENCIÓN DEL TÍTULO
Título Bases de datos en humanidades y ciencias sociales
Resto del título : Segunda conferencia internacional, [Madrid, 16-19 junio de 1980] /
Mención de responsabilidad, etc. [Universidad Politécnica de Madrid], Facultad de Informática.
260 ## - PUBLICACIÓN, DISTRIBUCIÓN, ETC.
Lugar de publicación, distribución, etc. Madrid :
Nombre del editor, distribuidor, etc. Facultad de Informática,
Fecha de publicación, distribución, etc. [1980]
300 ## - DESCRIPCIÓN FÍSICA
Extensión 556 p. ;
Dimensiones 29 cm.
546 ## - NOTA DE IDIOMA
Nota de lengua/lenguaje Textos en español, inglés y francés.
650 14 - PUNTO DE ACCESO ADICIONAL DE MATERIA--TÉRMINO DE MATERIA
Término de materia o nombre geográfico como elemento de entrada Ciencias sociales-
Subdivisión general Bases de datos-
Subdivisión de forma Congresos y asambleas.
9 (RLIN) 10989
650 #4 - PUNTO DE ACCESO ADICIONAL DE MATERIA--TÉRMINO DE MATERIA
Término de materia o nombre geográfico como elemento de entrada Humanidades-
Subdivisión general Bases de datos.
9 (RLIN) 165794
710 2# - ENTRADA AGREGADA--NOMBRE DE ENTIDAD CORPORATIVA
Nombre de entidad corporativa o nombre de jurisdicción como elemento de entrada Universidad Politécnica de Madrid.
Unidad subordinada Facultad de Informática.
9 (RLIN) 7444
852 ## - LOCALIZACIÓN
Ubicación ES-MaACL
Número de control de estantería G-537
Holdings
Estatus retirado Estado de pérdida Estado de daño No para préstamo Biblioteca de origen Biblioteca actual Ubicación en estantería Fecha de adquisición Fuente de adquisición Total de préstamos Signatura topográfica completa Código de barras Visto por última vez Precio de reemplazo Tipo de ítem Koha
        Biblioteca del Ateneo de Madrid Biblioteca del Ateneo de Madrid Depósito 2 17/01/2008     G-537 1050092 23/02/2023 23/02/2023 Libro impreso